Pranayam Vivaham Laingikatha (Record no. 111012)

MARC details
000 -LEADER
fixed length control field 00383nam a2200133Ia 4500
008 - FIXED-LENGTH DATA ELEMENTS--GENERAL INFORMATION
fixed length control field 211119s9999||||xx |||||||||||||| ||und||
082 ## - DEWEY DECIMAL CLASSIFICATION NUMBER
Classification number 128.46
Item number VEN-P
100 ## - MAIN ENTRY--PERSONAL NAME
Personal name Venu, Chelavoor
245 #0 - TITLE STATEMENT
Title Pranayam Vivaham Laingikatha
260 ## - PUBLICATION, DISTRIBUTION, ETC.
Name of publisher, distributor, etc. Poorna
Place of publication, distribution, etc. Kozhikode
Date of publication, distribution, etc. 2009
300 ## - PHYSICAL DESCRIPTION
Extent 136p.
650 ## - SUBJECT ADDED ENTRY--TOPICAL TERM
Topical term or geographic name entry element philosophy & psychology
942 ## - ADDED ENTRY ELEMENTS (KOHA)
Koha item type BOOK
650 ## - SUBJECT ADDED ENTRY--TOPICAL TERM
Form subdivision HumankindEconomics
General subdivision PGR-GANDHIAN STUDIES
Holdings
Withdrawn status Lost status Damaged status Not for loan Home library Current library Date acquired Cost, normal purchase price Total Checkouts Full call number Barcode Shelving location Date last seen Price effective from Koha item type
        SB LIBRARY SB LIBRARY 19/11/2021 85.00   128.46 VEN-P 00124458 PGR-GANDHIAN STUDIES 19/11/2021 19/11/2021 BOOK

Powered by Koha